| 000 | 00441nam a22001457a 4500 | ||
|---|---|---|---|
| 005 | 20251216132630.0 | ||
| 008 | 251216b |||||||| |||| 00| 0 eng d | ||
| 020 | _a9780874349474 | ||
| 050 |
_aRM145 _b.N345 |
||
| 110 | _aSpringhouse Corporation | ||
| 245 |
_aNDH Pocket Guide to Drug Dosages _cSpringhouse Corporation |
||
| 260 |
_aSpringhouse, Pennsylvania _bSpringhouse Corporation _c1998 |
||
| 300 |
_avi. 345p. _c13cm |
||
| 942 |
_2lcc _cBK _n0 |
||
| 999 |
_c8579 _d8579 |
||